The Australian feminist law journal

Detalles Bibliográficos
Formato: Desconocido
Lenguaje:inglés
Publicado: Parkville, Vic. : Australian Feminist Law Foundation
Materias:
Acceso en línea:Acceso restringido

MARC

LEADER 00000ny a22000003n 4500
005 20110513101941.0
008 100322c19uu9999at fr p j 000 0 eng c
010 |a sn 95032786 
022 |a 1320-0968 
035 |a 4273 
040 |a WaSeSS  |d vLex 
090 |c 1831  |d 1831 
245 3 4 |a The Australian feminist law journal  |h [Recurso electrn̤ico] 
256 |a Servicio en ln̕ea 
260 |a Parkville, Vic. :  |b Australian Feminist Law Foundation 
310 |a Bimestral 
506 1 |a Contenido solo disponible en los productos indicados  |d vLex Global  |d vLex Global (Academic Edition, excluding Law Schools)  |d vLex Global (U.S. Academic Edition, excluding Law Schools) 
650 0 4 |a Discriminacin̤ respecto a mujeres  |x Publicaciones Perid̤icas 
650 0 4 |a Feminismo  |z Australia  |x Publicaciones Perid̤icas 
740 0 |a vLex Revista (Servicios en ln̕ea) 
843 |a Electrn̤ica. Abierta 
853 |8 1  |i (year)  |j (month)  |k (day) 
856 4 0 |z Acceso restringido  |u http://vlex.com/account/login_ip?fuente_id=4273  
942 |c REV 
999 0 |a Feminism  |v Periodicals. 
999 0 |a Feminism  |z Australia  |v Periodicals. 
999 0 |a Sex discrimination against women  |v Periodicals. 
999 0 |a Women  |z Australia  |v Periodicals.